01021nab a22002297a 4500999001500000003000400015005001700019008004100036040000700077100002900084245013700113260007200250300001300322500003900335505009900374505008900473650002600562650003000588650001700618773014300635942001300778 c5960d5960OSt20260114134237.0190605e xxu||||| |||| 00| 0 spa d cPJ 96800aBarciela, Gonzalo 13aLa empresa, el empresario y el establecimiento :binstituciones medulares del Régimen de Contrato de Trabajo /cGonzalo Barciela.  aCiudad Autónoma de Buenos Aires :bThomson Reuters La Ley,c2024. ap. 11-14 aCita: TR LALEY AR/DOC/2618/2024.  aSumario: I. Introducción.— II. Ficción e institución.— III. A modo de conclusión.  t¿Te interesa el texto completo? Solicitalo al correo: koha@justierradelfuego.gov.ar 091316aDERECHO LABORAL 091323aCONTRATO DE TRABAJO 09583aEMPRESA0 0271193168dCiudad Autónoma de Buenos Aires : Thomson Reuters La Ley, 1999-2002.tRevista de derecho del trabajo. Nº 6 - Noviembre 2024 2udccANA